Every J. Cole Song with 100M+ Streams - Statistics

General Stats
  • This quiz has been taken 18 times
  • The average score is 27 of 65
Answer Stats
Album Streams Answer % Correct
2014 Forest Hills Drive 2,842,020,724 No Role Modelz
100%
2014 Forest Hills Drive 1,553,004,423 Wet Dreamz
92%
4 Your Eyez Only 208,913,216 4 Your Eyez Only
85%
4 Your Eyez Only 239,106,874 Change
77%
2014 Forest Hills Drive 631,606,592 G.O.M.D
77%
Cole World: The Sideline Story 1,274,099,073 Work Out
77%
4 Your Eyez Only 462,186,854 Deja Vu
69%
KOD 468,135,486 Kevin's Heart
69%
KOD 383,849,251 KOD
69%
The Off-Season 129,580,236 9 5 . s o u t h
62%
The Off-Season 300,155,216 a m a r i
62%
2014 Forest Hills Drive 370,220,515 Apparently
62%
2014 Forest Hills Drive 238,062,226 Fire Squad
62%
Revenge Of The Dreamers III 1,504,512,220 MIDDLE CHILD
62%
The Off-Season 539,105,048 m y . l i f e
62%
Born Sinner 891,888,385 Power Trip
62%
Born Sinner 779,088,926 She Knows
62%
4 Your Eyez Only 184,519,087 She's Mine Pt. 1
62%
4 Your Eyez Only 142,037,269 She's Mine Pt. 2
62%
Revenge Of The Dreamers III 423,074,061 Under The Sun
62%
4 Your Eyez Only 234,966,704 Immortal
54%
Cole World: The Sideline Story 235,123,992 In The Morning
54%
2014 Forest Hills Drive 201,318,213 January 28th
54%
2014 Forest Hills Drive 579,277,954 Love Yourz
54%
The Off-Season 425,500,282 p r i d e . i s . t h e . d e v i l
54%
4 Your Eyez Only 150,365,734 Ville Mentality
54%
2014 Forest Hills Drive 163,271,184 03' Adolescence
46%
2014 Forest Hills Drive 339,394,585 A Tale Of 2 Citiez
46%
KOD 216,705,276 ATM
46%
For All The Dogs 480,605,865 First Person Shooter
46%
4 Your Eyez Only 558,666,970 Neighbors
46%
2014 Forest Hills Drive 103,479,256 St. Tropez
46%
So Much Fun 838,211,079 The London
46%
Born Sinner 194,671,694 Forbidden Fruit
38%
4 Your Eyez Only 107,237,159 For Whom The Bell Tolls
38%
The Off-Season 188,186,235 i n t e r l u d e
38%
Cole World: The Sideline Story 120,691,491 Lights Please
38%
KOD 177,604,416 Motiv8
38%
The Off-Season 183,883,517 t h e . c l i m b . b a c k
38%
Almost Healed 457,304,763 All My Life
31%
Cole World: The Sideline Story 294,041,374 Can't Get Enough
31%
Born Sinner 354,514,283 Crooked Smile
31%
Might Delete Later 123,379,924 Huntin' Wabbitz
31%
Tana Talk 4 114,674,162 Johnny P's Caddy
31%
Born Sinner 126,832,485 Land Of The Snakes
31%
The Off-Season 141,588,417 l e t . g o . m y . h a n d
31%
Cole World: The Sideline Story 195,043,443 Nobody's Perfect
31%
East Atlanta Love Letter 493,678,440 Pretty Little Fears
31%
Revenge Of The Dreamers III 164,239,448 Sacrifices
31%
KOD 184,920,760 1985 - Intro to "The Fall Off"
23%
DiCaprio 2 147,484,030 Off Deez
23%
All I Want Is You 338,150,888 All I Want Is You
15%
Revenge Of The Dreamers III 214,772,917 Down Bad
15%
Late Nights: The Album 503,880,251 Planez
15%
(Single) 103,130,649 Purple Emoji
15%
Born Sinner 142,354,796 Rich N*****
15%
Shea Butter Baby 188,714,911 Shea Butter Baby
15%
(Single) 102,976,535 everybody dies
8%
KOD 142,516,504 Photograph
8%
(Single) 134,481,119 Snow On Tha Bluff
8%
CLEAR 2: SOFT LIFE EP 134,867,779 To Summer, From Cole - Audio Hug
8%
War & Leisure 277,832,119 Come Through and Chill
0%
(Single) 218,263,913 on the street
0%
Milky Way 251,740,978 Tribe
0%
(Single) 126,862,965 Your Heart
0%
No matching quizzes found
Score Distribution
Percent of People with Each Score
Percentile by Number Answered
Your Score History
You have not taken this quiz